Les 20 villes les plus peuplées de Basse-Normandie de 1806 à 2023 - Statistiques

Statistiques générales
  • Ce quiz a été pris 59 fois
  • Le résultat moyen est 114 sur 160
Statistiques - réponses
Hint Réponse % Correct
1806 Caen 36 231
100%
1846 Caen 44 087
100%
1876 Caen 41 721
100%
1911 Caen 47 530
100%
1936 Caen 62 414
100%
1968 Caen 110 262
100%
1999 Caen 113 987
100%
2023 Caen 109 400
100%
1806 Alençon 13 222
92%
1846 Alençon 14 388
92%
1876 Alençon 16 615
92%
1911 Alençon 17 378
92%
1936 Alençon 17 731
92%
1968 Alençon 31 656
92%
1999 Alençon 28 935
92%
2023 Alençon 25 490
92%
1806 Cherbourg 14 316
92%
1846 Cherbourg 26 949
92%
1876 Cherbourg 37 186
92%
1911 Cherbourg 43 731
92%
1936 Cherbourg 39 105
92%
1968 Cherbourg 38 243
92%
1999 Cherbourg 25 370
92%
2023 Cherbourg-en-Cotentin 78 258
92%
1911 Equeurdreville* 7 517
92%
1936 Equeurdreville* 8 058
92%
1968 Equeurdreville* 12 145
92%
1999 Equeurdreville* 18 173
92%
1806 Lisieux 10 937
92%
1846 Lisieux 11 968
92%
1876 Lisieux 19 737
92%
1911 Lisieux 17 165
92%
1936 Lisieux 17 662
92%
1968 Lisieux 23 830
92%
1999 Lisieux 23 166
92%
2023 Lisieux 19 645
92%
1968 Octeville* 9 465
92%
1999 Octeville* 16 948
92%
1876 Tourlaville* 5 757
92%
1911 Tourlaville* 7 879
92%
1936 Tourlaville* 8 395
92%
1968 Tourlaville* 12 062
92%
1999 Tourlaville* 17 551
92%
1806 Bayeux 10 419
90%
1846 Bayeux 9 765
90%
1876 Bayeux 8 614
90%
1911 Bayeux 7 638
90%
1936 Bayeux 7 637
90%
1968 Bayeux 11 451
90%
1999 Bayeux 14 961
90%
2023 Bayeux 12 659
90%
1806 Saint-Lô 7 601
90%
1846 Saint-Lô 9 185
90%
1876 Saint-Lô 10 747
90%
1911 Saint-Lô 12 822
90%
1936 Saint-Lô 12 702
90%
1968 Saint-Lô 18 615
90%
1999 Saint-Lô 20 090
90%
2023 Saint-Lô 19 471
90%
1806 Avranches 6 144
84%
1846 Avranches 7 965
84%
1876 Avranches 8 721
84%
1911 Avranches 7 656
84%
1936 Avranches 7 572
84%
1968 Avranches 10 450
84%
1999 Avranches 10 594
84%
2023 Avranches 10 143
84%
1806 Vire 8 183
78%
1846 Vire 7 658
78%
1876 Vire 6 718
78%
1911 Vire 6 298
78%
1936 Vire 5 917
78%
1968 Vire 11 140
78%
1999 Vire 12 815
78%
2023 Vire Normandie 17 457
78%
1806 Granville 7 834
76%
1846 Granville 12 191
76%
1876 Granville 13 618
76%
1911 Granville 12 777
76%
1936 Granville 12 085
76%
1968 Granville 12 715
76%
1999 Granville 12 687
76%
2023 Granville 12 510
76%
1968 Hérouville-Saint-Clair 9 041
74%
1999 Hérouville-Saint-Clair 24 025
74%
2023 Hérouville-Saint-Clair 23 470
74%
1806 Coutances 7 874
72%
1846 Coutances 8 258
72%
1876 Coutances 8 845
72%
1911 Coutances 7 203
72%
1936 Coutances 7 103
72%
1968 Coutances 9 061
72%
1999 Coutances 9 522
72%
2023 Coutances 8 321
72%
1846 Flers 7 042
68%
1876 Flers 11 155
68%
1911 Flers 13 610
68%
1936 Flers 12 900
68%
1968 Flers 17 683
68%
1999 Flers 16 947
68%
2023 Flers 14 432
68%
1806 Honfleur 9 724
66%
1846 Honfleur 9 912
66%
1876 Honfleur 9 401
66%
1911 Honfleur 9 404
66%
1936 Honfleur 8 021
66%
1968 Honfleur 9 292
66%
1999 Ouistreham 8 679
64%
2023 Ouistreham 9 212
64%
1806 Falaise 12 891
58%
1846 Falaise 9 008
58%
1876 Falaise 8 428
58%
1911 Falaise 6 847
58%
1936 Falaise 5 643
58%
1968 Falaise 7 180
58%
1806 Argentan 6 013
54%
1846 Argentan 5 634
54%
1876 Argentan 5 788
54%
1911 Argentan 6 870
54%
1936 Argentan 7 204
54%
1968 Argentan 14 558
54%
1999 Argentan 16 596
54%
2023 Argentan 13 527
54%
2023 Carentan-les-Marais 10 218
50%
1999 Ifs 9 208
50%
2023 Ifs 11 937
50%
1806 Mortagne-au-Perche 5 148
46%
1846 Mortagne-au-Perche 4 847
46%
1806 L'Aigle 5 639
44%
1846 L'Aigle 5 584
44%
1876 L'Aigle 5 196
44%
1911 L'Aigle 5 698
44%
1936 L'Aigle 6 241
44%
1968 L'Aigle 8 702
44%
1999 L'Aigle 8 972
44%
1876 Trouville-sur-Mer 5 886
44%
1911 Trouville-sur-Mer 6 190
44%
1936 Trouville-sur-Mer 6 182
44%
1806 Valognes 7 012
44%
1846 Valognes 6 379
44%
1876 Valognes 5 439
44%
2023 La Hague 11 484
40%
1968 Mondeville 9 788
40%
1999 Mondeville 10 428
40%
2023 Mondeville 10 331
40%
1806 Condé-sur-Noireau 3 925
38%
1846 Condé-sur-Noireau 6 355
38%
1876 Condé-sur-Noireau 7 350
38%
1911 Condé-sur-Noireau 5 604
38%
1806 Sées 5 376
38%
1846 Sées 5 004
38%
1846 La Ferté Macé 5 663
30%
1876 La Ferté Macé 9 744
30%
1911 La Ferté Macé 6 157
30%
1936 La Ferté Macé 5 302
30%
1806 Villedieu-les-Poêles 2 953
30%
1936 Dives-sur-Mer 5 300
24%
2023 Souleuvre en Bocage 8 629
24%
2023 Mézidon Vallée d'Auge 9 766
18%
1806 Orbec 3 002
18%
Aucun quiz correspondant
Distribution des résultats
% des personnes avec chaque résultat
Percentile par nombre de réponses
Votre historique - résultats
Vous n’avez pas pris ce quiz